000 00710cab a2200241 4500
001 ABS51190
008 090401t1994 xxu||||| |||| 00| 0 eng d
035 _a(Sirsi) u14314
041 _aeng
245 _aFocus `94: Development technology
260 _c1994
350 _a0
490 _aEstates Gazette
_v(9431) 6 August 1994, 49-57(9)
520 _aA special feature on construction materials and techniques, building specification and project management.
650 _aBUILDING PERFORMANCE
650 _aBUILT ENVIRONMENT-BUILDING MATERIALS
650 _aOFFICES
650 _aOVER-SPECIFICATION
690 _aBUILT ENVIRONMENT
690 _aDEVELOPMENT
942 _n0
948 _c04/03/1997
999 _c9308
_d9308